[Event "POL-chT 1st League 2020"]
[Site "Ustron"]
[Date "2020.09.05"]
[Round "1.1"]
[White "Szpar, Milosz"]
[Black "Wiewiora, Eneasz"]
[Result "1-0"]
[WhiteElo "2397"]
[BlackElo "2346"]
[Annotator "TA"]
[PlyCount "46"]
[EventDate "2020.09.05"]
[EventType "team-tourn"]
[EventCountry "POL"]
[SourceTitle "playchess.com"]
[Source "ChessBase"]
[SourceQuality "1"]

{[%evp 16,46,98,48,46,47,147,149,146,148,148,145,176,172,181,194,202,174,183,184,217,210,279,241,333,336,388,399,397,378,664,641,2274]} 1. e4 e5 2. Nf3 Nc6 3. Bb5 f5 4. Nc3 fxe4 5. Nxe4 d5 6. Nxe5 dxe4 7. Nxc6 Qg5 8. Qe2 Nf6 9. Nxa7+ Bd7 {C63: Ruy Lopez: Schliemann/Jaenisch Defence.} 10. Bxd7+ Kxd7 (10... Nxd7 $14 11. f4 (11. Qxe4+ Kd8 $11) 11... Qc5) 11. Qb5+ $16 Qxb5 {White is clearly better.} 12. Nxb5 Bc5 13. O-O {[#]} Rae8 $146 ({Predecessor:} 13... Rhf8 14. Nc3 b5 15. a4 b4 16. Nd1 Rad8 17. b3 Kc6 18. h3 Kb7 19. Re1 g5 {½-½ (38) Nemec,Z (2186)-Meissner,R (2139) LSS email 2011}) 14. b3 {[%cal Bb2b3,Bb3b4][%mdl 32]} Kc6 15. a4 Rd8 16. h3 Rhf8 17. Rb1 Bb6 {Now ...Nh5 and Black clings on.} 18. b4 Rf7 19. Rb3 Bd4 20. d3 Be5 21. dxe4 Nxe4 22. Re3 Ng3 $2 {[#]} (22... Re8 23. Rxe4 Bh2+ {[%mdl 64] Discovered Attack} 24. Kxh2 Rxe4) 23. fxg3 Kd5 {White took control after the opening. Accuracy: White = 91%, Black = 31%.} 1-0

[Event "POL-chT 1st League 2020"]
[Site "Ustron"]
[Date "2020.09.05"]
[Round "1.2"]
[White "Rawicz, Karol"]
[Black "Mis, Mieszko"]
[Result "0-1"]
[WhiteElo "2225"]
[BlackElo "2350"]
[Annotator "ChessBase"]
[PlyCount "68"]
[EventDate "2020.09.05"]
[EventType "team-tourn"]
[EventCountry "POL"]
[SourceTitle "playchess.com"]
[Source "ChessBase"]
[SourceQuality "1"]
[TimeControl "40/5400+30:1800+30"]

1. d4 {[%emt 0:00:00]} Nf6 {[%emt 0:00:00]} 2. c4 {[%emt 0:00:00]} e6 {[%emt 0:00:01]} 3. Nc3 {[%emt 0:00:00]} Bb4 {[%emt 0:00:14]} 4. e3 {[%emt 0:01:08]} O-O {[%emt 0:01:27]} 5. Bd3 {[%emt 0:01:03]} c5 {[%emt 0:01:27]} 6. Nge2 {[%emt 0:01:05]} d5 {[%emt 0:01:01]} 7. cxd5 {[%emt 0:08:05]} cxd4 {[%emt 0:01:56]} 8. exd4 {[%emt 0:00:09]} Nxd5 {[%emt 0:01:35]} 9. O-O {[%emt 0:00:46]} Nc6 {[%emt 0:01:49]} 10. Bc2 {[%emt 0:06:20]} Nf6 {[%emt 0:13:39]} 11. Qd3 {[%emt 0:07:11]} Ne7 {[%emt 0:16:19]} 12. Bg5 {[%emt 0:15:02]} Ng6 {[%emt 0:03:12]} 13. h4 {[%emt 0:02:04]} Qa5 {[%emt 0:12:47]} 14. Bxf6 {[%emt 0:03:27]} gxf6 {[%emt 0:00:07]} 15. d5 {[%emt 0:00:35]} Rd8 {[%emt 0:13:05]} 16. h5 {[%emt 0:04:16]} Nf8 {[%emt 0:00:38]} 17. Ne4 {[%emt 0:10:23]} Nd7 {[%emt 0:10:51]} 18. dxe6 {[%emt 0:02:00]} fxe6 {[%emt 0:00:27]} 19. Rad1 {[%emt 0:02:02]} Be7 {[%emt 0:04:43]} 20. Nf4 {[%emt 0:18:01]} Nf8 {[%emt 0:07:04]} 21. Qg3+ {[%emt 0:00:38]} Kf7 {[%emt 0:00:24]} 22. h6 {[%emt 0:03:40]} Rxd1 {[%emt 0:01:16]} 23. Rxd1 {[%emt 0:03:17]} Qe5 {[%emt 0:00:25]} 24. Qf3 {[%emt 0:10:06]} Bd7 {[%emt 0:02:02]} 25. Nd3 {[%emt 0:00:07]} Qc7 {[%emt 0:01:11]} 26. Bb3 {[%emt 0:00:42]} Rd8 {[%emt 0:01:40]} 27. Qh5+ {[%emt 0:00:47]} Ng6 {[%emt 0:01:06]} 28. Qf5 {[%emt 0:00:33]} Kf8 {[%emt 0:01:32]} 29. Bxe6 {[%emt 0:00:21]} Qc2 {[%emt 0:00:02]} 30. Rd2 {[%emt 0:00:12]} Qb1+ {[%emt 0:00:52]} 31. Kh2 {[%emt 0:00:31]} Bxe6 {[%emt 0:01:02]} 32. Qxe6 {[%emt 0:00:01]} Rxd3 {[%emt 0:00:03]} 33. Nxf6 {[%emt 0:01:23]} Bd6+ {[%emt 0:00:15]} 34. g3 {[%emt 0:00:01]} Bxg3+ {[%emt 0:00:04]} 0-1

[Event "POL-chT 1st League 2020"]
[Site "Ustron"]
[Date "2020.09.05"]
[Round "1.3"]
[White "Kozak, Antoni"]
[Black "Klepek, Witold"]
[Result "1-0"]
[WhiteElo "2347"]
[BlackElo "2159"]
[Annotator "ChessBase"]
[PlyCount "99"]
[EventDate "2020.09.05"]
[EventType "team-tourn"]
[EventCountry "POL"]
[SourceTitle "playchess.com"]
[Source "ChessBase"]
[SourceQuality "1"]
[TimeControl "40/5400+30:1800+30"]

1. c4 {[%emt 0:00:00]} Nf6 {[%emt 0:00:00]} 2. Nf3 {[%emt 0:00:00]} e6 {[%emt 0:00:00]} 3. g3 {[%emt 0:00:00]} d5 {[%emt 0:00:04]} 4. Bg2 {[%emt 0:00:00]} dxc4 {[%emt 0:00:38]} 5. Qa4+ {[%emt 0:00:27]} Bd7 {[%emt 0:00:38]} 6. Qxc4 {[%emt 0:00:07]} c5 {[%emt 0:00:03]} 7. Ne5 {[%emt 0:05:32]} Qc8 {[%emt 0:00:05]} 8. b3 {[%emt 0:03:12]} Nc6 {[%emt 0:06:45]} 9. Nxd7 {[%emt 0:00:09]} Qxd7 {[%emt 0:00:05]} 10. Bb2 {[%emt 0:00:25]} Be7 {[%emt 0:03:07]} 11. d3 {[%emt 0:06:11]} O-O {[%emt 0:02:19]} 12. Nd2 {[%emt 0:03:40]} Rac8 {[%emt 0:05:22]} 13. Rd1 {[%emt 0:02:28]} Nd5 {[%emt 0:09:24]} 14. O-O {[%emt 0:03:21]} Rfd8 {[%emt 0:03:20]} 15. Rfe1 {[%emt 0:06:16]} a6 {[%emt 0:03:16]} 16. Qc1 {[%emt 0:00:45]} b5 {[%emt 0:04:20]} 17. Qa1 {[%emt 0:00:54]} f6 {[%emt 0:07:50]} 18. h4 {[%emt 0:05:00]} Bf8 {[%emt 0:04:11]} 19. Bh3 {[%emt 0:00:23]} Re8 {[%emt 0:04:13]} 20. Rc1 {[%emt 0:01:40]} Qa7 {[%emt 0:01:07]} 21. a3 {[%emt 0:01:18]} Qb6 {[%emt 0:05:48]} 22. e3 {[%emt 0:05:44]} Rcd8 {[%emt 0:06:13]} 23. Ne4 {[%emt 0:02:27]} e5 {[%emt 0:04:28]} 24. Rc2 {[%emt 0:01:15]} Kh8 {[%emt 0:01:23]} 25. Qa2 {[%emt 0:12:58]} Qa5 {[%emt 0:08:06]} 26. Qb1 {[%emt 0:00:59]} Qb6 {[%emt 0:00:41]} 27. Rec1 {[%emt 0:04:10]} Na5 {[%emt 0:00:44]} 28. Nxc5 {[%emt 0:05:18]} Bxc5 {[%emt 0:01:06]} 29. Rxc5 {[%emt 0:00:15]} Nxb3 {[%emt 0:00:04]} 30. Rc6 {[%emt 0:00:03]} Qa7 {[%emt 0:03:17]} 31. Re1 {[%emt 0:01:26]} Nc5 {[%emt 0:02:51]} 32. Qc2 {[%emt 0:02:00]} Na4 {[%emt 0:00:39]} 33. Ba1 {[%emt 0:00:43]} Qe7 {[%emt 0:01:59]} 34. Qc1 {[%emt 0:05:08]} b4 {[%emt 0:02:05]} 35. Qc2 {[%emt 0:02:33]} Ndb6 {[%emt 0:02:06]} 36. axb4 {[%emt 0:01:25]} Qxb4 {[%emt 0:00:04]} 37. Rb1 {[%emt 0:00:04]} Qa3 {[%emt 0:00:48]} 38. d4 {[%emt 0:00:31]} e4 {[%emt 0:01:44]} 39. d5 {[%emt 0:02:30]} Rxd5 {[%emt 0:05:10]} 40. Bd4 {[%emt 0:00:00]} Rxd4 {[%emt 0:00:00]} 41. exd4 {[%emt 0:00:35]} e3 {[%emt 0:01:37]} 42. Rcxb6 {[%emt 0:04:24]} Nxb6 {[%emt 0:01:06]} 43. Rxb6 {[%emt 0:00:06]} Qa1+ {[%emt 0:00:18]} 44. Kh2 {[%emt 0:02:54]} Qxd4 {[%emt 0:02:33]} 45. Re6 {[%emt 0:00:07]} Rd8 {[%emt 0:01:05]} 46. Rxe3 {[%emt 0:00:12]} a5 {[%emt 0:01:41]} 47. Qc6 {[%emt 0:01:45]} g6 {[%emt 0:00:55]} 48. Re8+ {[%emt 0:00:06]} Rxe8 {[%emt 0:00:05]} 49. Qxe8+ {[%emt 0:00:04]} Kg7 {[%emt 0:00:05]} 50. Qe7+ {[%emt 0:00:02]} 1-0

[Event "POL-chT 1st League 2020"]
[Site "Ustron"]
[Date "2020.09.05"]
[Round "1.4"]
[White "Milanowski, Jan"]
[Black "Chyzy, Jakub"]
[Result "0-1"]
[WhiteElo "1751"]
[BlackElo "2249"]
[Annotator "ChessBase"]
[PlyCount "69"]
[EventDate "2020.09.05"]
[EventType "team-tourn"]
[EventCountry "POL"]
[SourceTitle "playchess.com"]
[Source "ChessBase"]
[SourceQuality "1"]
[TimeControl "40/5400+30:1800+30"]

1. d4 {[%emt 0:00:00]} Nf6 {[%emt 0:00:00]} 2. Bf4 {[%emt 0:00:02]} d6 {[%emt 0:00:00]} 3. e3 {[%emt 0:00:33]} Nbd7 {[%emt 0:00:10]} 4. Nf3 {[%emt 0:01:53]} Nh5 {[%emt 0:01:17]} 5. Bg5 {[%emt 0:01:12]} h6 {[%emt 0:00:11]} 6. Bh4 {[%emt 0:01:42]} g5 {[%emt 0:00:37]} 7. Bg3 {[%emt 0:09:51]} Bg7 {[%emt 0:00:28]} 8. c3 {[%emt 0:02:07]} f5 {[%emt 0:04:32]} 9. Nfd2 {[%emt 0:01:46]} Nxg3 {[%emt 0:01:26]} 10. hxg3 {[%emt 0:00:06]} Nf6 {[%emt 0:04:47]} 11. Bc4 {[%emt 0:05:29]} d5 {[%emt 0:05:08]} 12. Be2 {[%emt 0:02:39]} O-O {[%emt 0:02:08]} 13. Nf3 {[%emt 0:03:34]} Ng4 {[%emt 0:11:16]} 14. Nbd2 {[%emt 0:04:47]} Qd6 {[%emt 0:00:44]} 15. Qb3 {[%emt 0:20:01]} c6 {[%emt 0:07:43]} 16. a4 {[%emt 0:11:57]} Be6 {[%emt 0:10:40]} 17. a5 {[%emt 0:03:48]} Rab8 {[%emt 0:02:34]} 18. Qc2 {[%emt 0:00:28]} Rbe8 {[%emt 0:07:10]} 19. Bd3 {[%emt 0:07:01]} Bc8 {[%emt 0:01:41]} 20. Nb3 {[%emt 0:03:28]} e5 {[%emt 0:03:16]} 21. dxe5 {[%emt 0:00:55]} Nxe5 {[%emt 0:01:29]} 22. Nxe5 {[%emt 0:00:10]} Qxe5 {[%emt 0:03:43]} 23. Kf1 {[%emt 0:04:45]} f4 {[%emt 0:02:02]} 24. gxf4 {[%emt 0:01:14]} gxf4 {[%emt 0:00:08]} 25. exf4 {[%emt 0:04:59]} Qxf4 {[%emt 0:04:36]} 26. Re1 {[%emt 0:01:36]} Rxe1+ {[%emt 0:05:05]} 27. Kxe1 {[%emt 0:00:01]} b6 {[%emt 0:00:54]} 28. axb6 {[%emt 0:02:27]} axb6 {[%emt 0:00:09]} 29. Qd2 {[%emt 0:01:21]} Qg4 {[%emt 0:01:51]} 30. Kf1 {[%emt 0:00:31]} c5 {[%emt 0:02:14]} 31. Bc2 {[%emt 0:01:12]} d4 {[%emt 0:10:12]} 32. cxd4 {[%emt 0:01:11]} c4 {[%emt 0:00:29]} 33. Bd1 {[%emt 0:00:28]} Qd7 {[%emt 0:02:52]} 34. Nc1 {[%emt 0:01:21]} Qxd4 {[%emt 0:00:08]} 35. Kg1 {[%emt 0:01:05]} 0-1

[Event "POL-chT 1st League 2020"]
[Site "Ustron"]
[Date "2020.09.05"]
[Round "1.5"]
[White "Czernek, Tymon"]
[Black "Sapeta, Robert"]
[Result "1-0"]
[WhiteElo "2267"]
[BlackElo "1882"]
[Annotator "ChessBase"]
[PlyCount "99"]
[EventDate "2020.09.05"]
[EventType "team-tourn"]
[EventCountry "POL"]
[SourceTitle "playchess.com"]
[Source "ChessBase"]
[SourceQuality "1"]
[TimeControl "40/5400+30:1800+30"]

1. e4 {[%emt 0:00:00]} e6 {[%emt 0:00:00]} 2. d4 {[%emt 0:00:00]} d5 {[%emt 0:00:00]} 3. Nc3 {[%emt 0:00:00]} Bb4 {[%emt 0:00:00]} 4. e5 {[%emt 0:00:00]} b6 {[%emt 0:00:18]} 5. a3 {[%emt 0:00:20]} Bf8 {[%emt 0:00:07]} 6. Qg4 {[%emt 0:02:25]} Ba6 {[%emt 0:01:35]} 7. Bxa6 {[%emt 0:01:00]} Nxa6 {[%emt 0:00:05]} 8. Nge2 {[%emt 0:00:06]} Qd7 {[%emt 0:00:55]} 9. O-O {[%emt 0:01:30]} h5 {[%emt 0:06:34]} 10. Qg3 {[%emt 0:01:09]} Ne7 {[%emt 0:00:22]} 11. Qd3 {[%emt 0:03:31]} Nb8 {[%emt 0:08:30]} 12. b4 {[%emt 0:01:50]} a6 {[%emt 0:10:51]} 13. b5 {[%emt 0:05:53]} axb5 {[%emt 0:05:21]} 14. Nxb5 {[%emt 0:00:08]} Ra4 {[%emt 0:10:44]} 15. Nec3 {[%emt 0:02:37]} Rc4 {[%emt 0:00:35]} 16. a4 {[%emt 0:01:02]} Nbc6 {[%emt 0:01:33]} 17. Be3 {[%emt 0:02:34]} Nf5 {[%emt 0:05:47]} 18. Rfc1 {[%emt 0:03:10]} Bb4 {[%emt 0:07:46]} 19. Nd1 {[%emt 0:01:10]} Na5 {[%emt 0:16:47]} 20. Rcb1 {[%emt 0:03:23]} f6 {[%emt 0:12:14]} 21. c3 {[%emt 0:03:10]} Be7 {[%emt 0:00:28]} 22. exf6 {[%emt 0:00:27]} gxf6 {[%emt 0:00:28]} 23. Nb2 {[%emt 0:00:18]} Rg8 {[%emt 0:01:21]} 24. Nxc4 {[%emt 0:00:35]} Nxc4 {[%emt 0:00:32]} 25. Bc1 {[%emt 0:03:33]} c6 {[%emt 0:00:33]} 26. Na3 {[%emt 0:01:06]} Bxa3 {[%emt 0:03:05]} 27. Bxa3 {[%emt 0:00:02]} Qg7 {[%emt 0:01:32]} 28. Qh3 {[%emt 0:00:39]} Kd7 {[%emt 0:02:45]} 29. a5 {[%emt 0:01:09]} b5 {[%emt 0:01:10]} 30. a6 {[%emt 0:01:25]} Qg6 {[%emt 0:00:44]} 31. Re1 {[%emt 0:00:48]} Ra8 {[%emt 0:00:37]} 32. Bc1 {[%emt 0:00:27]} b4 {[%emt 0:00:16]} 33. cxb4 {[%emt 0:04:22]} Nxd4 {[%emt 0:00:09]} 34. Bf4 {[%emt 0:00:54]} Qg4 {[%emt 0:00:28]} 35. Qxg4 {[%emt 0:03:41]} hxg4 {[%emt 0:00:00]} 36. Ra2 {[%emt 0:00:30]} e5 {[%emt 0:00:25]} 37. Be3 {[%emt 0:00:40]} Ne6 {[%emt 0:00:18]} 38. Bc5 {[%emt 0:01:18]} Nxc5 {[%emt 0:01:28]} 39. bxc5 {[%emt 0:00:02]} Ra7 {[%emt 0:00:20]} 40. Rb1 {[%emt 0:00:00]} Kc7 {[%emt 0:00:00]} 41. h4 {[%emt 0:01:58]} gxh3 {[%emt 0:00:27]} 42. gxh3 {[%emt 0:00:05]} e4 {[%emt 0:22:24]} 43. h4 {[%emt 0:00:06]} Ne5 {[%emt 0:04:53]} 44. h5 {[%emt 0:00:04]} Nd3 {[%emt 0:04:58]} 45. h6 {[%emt 0:02:45]} Nxc5 {[%emt 0:00:44]} 46. h7 {[%emt 0:00:06]} Ra8 {[%emt 0:00:16]} 47. a7 {[%emt 0:00:08]} Nd7 {[%emt 0:01:08]} 48. Rb8 {[%emt 0:01:02]} Nxb8 {[%emt 0:00:36]} 49. h8=Q {[%emt 0:00:07]} Rxa7 {[%emt 0:00:09]} 50. Rxa7+ {[%emt 0:00:03]} 1-0

[Event "POL-chT 1st League 2020"]
[Site "Ustron"]
[Date "2020.09.05"]
[Round "1.6"]
[White "Marcinczyk, Monika"]
[Black "Wikar, Martyna"]
[Result "1-0"]
[WhiteElo "1934"]
[BlackElo "2045"]
[Annotator "ChessBase"]
[PlyCount "137"]
[EventDate "2020.09.05"]
[EventType "team-tourn"]
[EventCountry "POL"]
[SourceTitle "playchess.com"]
[Source "ChessBase"]
[SourceQuality "1"]
[TimeControl "40/5400+30:1800+30"]

1. e4 {[%emt 0:00:00]} c5 {[%emt 0:00:00]} 2. Nf3 {[%emt 0:00:00]} d6 {[%emt 0:00:00]} 3. d4 {[%emt 0:00:00]} cxd4 {[%emt 0:00:00]} 4. Nxd4 {[%emt 0:00:00]} Nf6 {[%emt 0:00:11]} 5. Nc3 {[%emt 0:00:00]} a6 {[%emt 0:00:09]} 6. Be2 {[%emt 0:00:27]} e5 {[%emt 0:00:13]} 7. Nb3 {[%emt 0:00:17]} Be7 {[%emt 0:00:31]} 8. Be3 {[%emt 0:00:12]} Be6 {[%emt 0:00:58]} 9. O-O {[%emt 0:01:18]} O-O {[%emt 0:00:41]} 10. Qd2 {[%emt 0:00:12]} Nbd7 {[%emt 0:01:38]} 11. a4 {[%emt 0:00:13]} Rc8 {[%emt 0:00:43]} 12. a5 {[%emt 0:00:13]} Qc7 {[%emt 0:02:15]} 13. Rfd1 {[%emt 0:00:27]} Qc6 {[%emt 0:05:01]} 14. Bf3 {[%emt 0:00:23]} Qc7 {[%emt 0:09:27]} 15. Nc1 {[%emt 0:02:53]} b5 {[%emt 0:10:29]} 16. axb6 {[%emt 0:11:54]} Nxb6 {[%emt 0:00:12]} 17. Bxb6 {[%emt 0:02:26]} Qxb6 {[%emt 0:00:12]} 18. Nd3 {[%emt 0:01:26]} Rfd8 {[%emt 0:03:05]} 19. Qe1 {[%emt 0:15:41]} Bc4 {[%emt 0:22:42]} 20. b3 {[%emt 0:05:25]} Be6 {[%emt 0:00:48]} 21. Na4 {[%emt 0:03:53]} Qb7 {[%emt 0:02:38]} 22. Ra2 {[%emt 0:02:41]} Bd7 {[%emt 0:11:21]} 23. Qb4 {[%emt 0:16:37]} Bc6 {[%emt 0:03:37]} 24. Qxb7 {[%emt 0:02:59]} Bxb7 {[%emt 0:00:02]} 25. Re1 {[%emt 0:00:29]} Rb8 {[%emt 0:05:34]} 26. Nab2 {[%emt 0:04:58]} Nd7 {[%emt 0:07:10]} 27. Bg4 {[%emt 0:12:57]} Nf6 {[%emt 0:01:40]} 28. Bf3 {[%emt 0:00:07]} Nd7 {[%emt 0:00:06]} 29. Nb4 {[%emt 0:02:07]} Nc5 {[%emt 0:01:30]} 30. N2d3 {[%emt 0:00:32]} Rdc8 {[%emt 0:07:49]} 31. Bg4 {[%emt 0:02:34]} Rc7 {[%emt 0:01:33]} 32. f3 {[%emt 0:00:24]} Bg5 {[%emt 0:01:38]} 33. Nxc5 {[%emt 0:04:53]} Rxc5 {[%emt 0:00:10]} 34. c4 {[%emt 0:01:48]} g6 {[%emt 0:01:30]} 35. Rd1 {[%emt 0:01:01]} Be3+ {[%emt 0:00:50]} 36. Kf1 {[%emt 0:00:12]} Bd4 {[%emt 0:00:18]} 37. Nc2 {[%emt 0:01:27]} Bc8 {[%emt 0:00:44]} 38. Bxc8 {[%emt 0:00:29]} Rcxc8 {[%emt 0:00:07]} 39. Nxd4 {[%emt 0:01:37]} exd4 {[%emt 0:00:01]} 40. Ra3 {[%emt 0:00:00]} Rb6 {[%emt 0:00:00]} 41. Rxd4 {[%emt 0:04:10]} Kg7 {[%emt 0:01:19]} 42. Ke2 {[%emt 0:00:23]} Kf6 {[%emt 0:00:07]} 43. Kd2 {[%emt 0:01:23]} Ke6 {[%emt 0:01:39]} 44. Kc3 {[%emt 0:04:49]} f5 {[%emt 0:01:28]} 45. exf5+ {[%emt 0:01:25]} gxf5 {[%emt 0:00:05]} 46. Rh4 {[%emt 0:02:48]} Rg8 {[%emt 0:05:43]} 47. Ra2 {[%emt 0:01:03]} Rgb8 {[%emt 0:04:10]} 48. Kd4 {[%emt 0:04:54]} Rxb3 {[%emt 0:01:34]} 49. Rh6+ {[%emt 0:01:40]} Ke7 {[%emt 0:03:16]} 50. Rxa6 {[%emt 0:02:37]} Rb2 {[%emt 0:04:03]} 51. Rxh7+ {[%emt 0:00:43]} Ke6 {[%emt 0:00:44]} 52. Rh6+ {[%emt 0:00:14]} Kf7 {[%emt 0:01:01]} 53. Raxd6 {[%emt 0:03:02]} Rxg2 {[%emt 0:00:37]} 54. Ke5 {[%emt 0:01:30]} Rc8 {[%emt 0:01:55]} 55. Rd4 {[%emt 0:01:30]} Rc5+ {[%emt 0:03:07]} 56. Kd6 {[%emt 0:04:45]} Ra5 {[%emt 0:00:17]} 57. c5 {[%emt 0:00:53]} Rc2 {[%emt 0:00:42]} 58. Rh7+ {[%emt 0:00:45]} Kg6 {[%emt 0:01:01]} 59. Rc7 {[%emt 0:00:34]} Rxh2 {[%emt 0:00:23]} 60. c6 {[%emt 0:01:40]} Rc2 {[%emt 0:03:31]} 61. Rc8 {[%emt 0:01:55]} Rac5 {[%emt 0:03:19]} 62. Kd7 {[%emt 0:00:59]} Kf6 {[%emt 0:00:53]} 63. f4 {[%emt 0:00:28]} Kg7 {[%emt 0:00:59]} 64. Rd6 {[%emt 0:01:07]} R2c4 {[%emt 0:00:38]} 65. c7 {[%emt 0:00:17]} Rc3 {[%emt 0:00:29]} 66. Kd8 {[%emt 0:00:23]} Rc2 {[%emt 0:00:50]} 67. Rd7+ {[%emt 0:01:21]} Kf8 {[%emt 0:00:07]} 68. Rb8 {[%emt 0:00:23]} Re2 {[%emt 0:00:35]} 69. Rd3 {[%emt 0:00:52]} 1-0

[Event "POL-chT 1st League 2020"]
[Site "Ustron"]
[Date "2020.09.05"]
[Round "1.7"]
[White "Kowalski, Igor"]
[Black "Cukrowski, Filip"]
[Result "0-1"]
[WhiteElo "2397"]
[BlackElo "2406"]
[Annotator "TA"]
[PlyCount "80"]
[EventDate "2020.09.05"]
[EventType "team-tourn"]
[EventCountry "POL"]
[SourceTitle "playchess.com"]
[Source "ChessBase"]
[SourceQuality "1"]

{[%evp 12,80,-4,6,49,39,77,63,99,96,97,45,56,51,90,28,101,108,96,89,129,127,136,126,145,140,150,135,148,150,158,143,144,142,143,147,144,152,151,122,154,150,156,159,197,94,116,5,14,16,211,202,213,0,0,0,0,0,0,0,0,0,0,0,0,-218,-213,-923,-816,-1095,-1020]} 1. d4 d5 2. Nf3 e6 3. Bf4 c5 4. c3 Nc6 5. e3 Nf6 6. Nbd2 Bd6 7. Bg3 {[#]} h5 $146 {D02: 1 d4 d5 2 Nf3 sidelines, including 2...Nf6 3 g3 and 2...Nf6 3 Bf4.} ({Predecessor:} 7... O-O 8. Bd3 b6 9. Qe2 Bb7 10. e4 Be7 11. e5 Nh5 12. Ng5 Bxg5 13. Qxh5 g6 14. Qe2 cxd4 15. h4 Bh6 16. h5 g5 {0-1 (60) Matlakov,M (2685)-Caruana,F (2835) chess.com INT 2020}) 8. Bb5 Qe7 9. Nb3 Ne4 {White is slightly better.} 10. Bxd6 Qxd6 11. Ne5 ({Better is} 11. dxc5 $16 Qe7 12. O-O) 11... cxd4 $1 $14 12. exd4 f6 13. Nd3 (13. Nxc6 $16 a6 14. Ba4) 13... Bd7 (13... a6 $11 14. Bxc6+ Qxc6) 14. f3 $16 Ng5 15. Nbc5 Rb8 16. O-O a6 17. Bxc6 Qxc6 18. Re1 Bc8 19. f4 Ne4 20. Nb4 Qd6 21. Nxe4 dxe4 22. Rxe4 Kf7 23. Qe2 Bd7 24. Re1 Rbe8 25. Qf2 h4 26. Nd3 Qd5 27. b3 Bc6 28. R4e2 (28. Nc5 $18) 28... h3 29. Qg3 (29. Nc5 $1 $16) 29... Qf5 $1 $11 ({Much worse is} 29... hxg2 $6 30. Nc5 $16) 30. Nc5 {Hoping for Nxe6.} hxg2 $2 (30... Rh6 $1 $11 {and Black stays safe.}) 31. Nxe6 $1 $18 {[%csl Ge6][%cal Rg3g7]} g6 {aiming for ...Rh3.} 32. d5 $2 (32. Re3 $1 $18) 32... Bxd5 $11 33. Nd4 $40 {[%mdl 128] White attacks.} Rxe2 34. Nxf5 {Threatens to win with Nd6+.} Rxe1+ 35. Qxe1 {Qe7+ would kill now.} gxf5 {KQ-KRB} 36. Qd1 Bc6 37. Qd4 Rh3 {...Rf3 is the strong threat.} 38. Qc4+ $2 {[#]} (38. Qd2 $1 $11) 38... Kg7 $1 $19 {[%mdl 1024] Black has strong compensation.} 39. Qc5 $2 {[#]} (39. Qe2 Rxc3 40. Qd2) 39... Rf3 $1 {[%csl Gg2][%cal Rf3f1]} 40. Qe7+ {[#]} Kg6 $1 {[%mdl 512] What a bad dream for White. Accuracy: White = 54%, Black = 67%.} 0-1

[Event "POL-chT 1st League 2020"]
[Site "Ustron"]
[Date "2020.09.05"]
[Round "1.8"]
[White "Pacan-Milej, Kosma"]
[Black "Chylewski, Patryk"]
[Result "1-0"]
[WhiteElo "2420"]
[BlackElo "2324"]
[Annotator "TA"]
[PlyCount "75"]
[EventDate "2020.09.05"]
[EventType "team-tourn"]
[EventCountry "POL"]
[SourceTitle "playchess.com"]
[Source "ChessBase"]
[SourceQuality "1"]

{[%evp 12,74,39,16,22,21,15,23,20,15,15,16,16,16,16,8,7,8,22,0,19,0,13,10,6,0,0,0,6,8,12,8,21,16,31,30,25,27,38,31,42,23,112,110,100,110,170,104,126,114,122,117,153,93,179,166,150,166,12837,12834,29994,29995,29998,29999,29999]} 1. d4 Nf6 2. c4 e6 3. Nf3 d5 4. Nc3 Bb4 5. Bg5 h6 6. Bxf6 Qxf6 7. Qb3 Bxc3+ {D38: Queen's Gambit Declined: Ragozin Defence (4 Nf3 Bb4).} 8. bxc3 dxc4 9. Qxc4 Qe7 {[#] White has an edge.} 10. g3 $146 ({Predecessor:} 10. e4 O-O 11. Bd3 b6 12. Qa4 Bb7 13. O-O Nd7 14. Rfe1 Rfd8 15. Rad1 c5 16. d5 {½-½ (29) Guerrero Sierra,J (2330)-Garnier,R (2203) Medellin 2019}) 10... b6 11. Bg2 {Hoping for Ne5.} Bb7 12. O-O O-O 13. Ne5 Bxg2 14. Kxg2 Rc8 15. e4 c5 16. Rfd1 Nc6 17. Nxc6 Rxc6 18. e5 Qb7 {...cxd4 is the strong threat.} 19. d5 Rc7 20. f3 exd5 21. Qxd5 Qxd5 22. Rxd5 $11 {[%mdl 4096] Endgame KRR-KRR} b5 23. Rb1 Rb8 24. f4 a5 25. Kf3 g6 26. Ke4 Rbb7 (26... b4 $11) 27. g4 $16 b4 28. c4 a4 {[#]} (28... Rb8 $16) 29. f5 (29. Rd8+ $1 $18 Kh7 30. Kd5) 29... Rc8 30. fxg6 fxg6 31. Rd6 Kg7 {[#]} 32. Kd5 (32. e6 $142 $1) 32... b3 (32... Rf7 $16) 33. axb3 axb3 {intending ...b2.} 34. e6 {Strongly threatening Rd7+.} Kf6 $2 (34... Kg8 35. e7 Rxe7) 35. Rd7 $18 Rb6 36. h4 {[%csl Ge6][%cal Rd7f7] White mates.} g5 37. Rf1+ Kg6 38. h5# {Accuracy: White = 88%, Black = 64%.} 1-0

[Event "POL-chT 1st League 2020"]
[Site "Ustron"]
[Date "2020.09.05"]
[Round "1.9"]
[White "Sanz Wawer, Daniel"]
[Black "Licznerski, Lukasz"]
[Result "0-1"]
[WhiteElo "2325"]
[BlackElo "2377"]
[Annotator "TA"]
[PlyCount "86"]
[EventDate "2020.09.05"]
[EventType "team-tourn"]
[EventCountry "POL"]
[SourceTitle "playchess.com"]
[Source "ChessBase"]
[SourceQuality "1"]

{[%evp 34,86,53,53,56,56,76,62,75,42,74,70,87,92,118,0,0,-9,-10,-8,0,-12,-14,-12,-14,-94,-89,-168,-169,-200,-195,-204,-194,-204,-194,-196,-188,-260,-269,-240,-135,-210,-150,-140,-139,-142,-133,-892,-493,-489,-488,-481,-478,-466,-452]} 1. e4 c5 2. Nf3 Nc6 3. d4 cxd4 4. Nxd4 g6 5. c4 Bg7 6. Be3 Nf6 7. Nc3 O-O 8. Be2 d6 9. O-O Bd7 10. Qd2 Nxd4 11. Bxd4 Bc6 12. f3 a5 13. b3 Nd7 14. Be3 Nc5 15. Rab1 Qb6 16. Rfc1 Rfc8 17. Rc2 Qd8 18. Bf1 Be5 {B38: Sicilian: Maroczy Bind with 5...Bg7 and 7...0-0.} 19. g3 h5 20. Bg2 Kh7 {White is slightly better.} 21. Ne2 {[#]} Qf8 $146 ({Predecessor:} 21... b6 22. Nd4 Bb7 23. Re1 Bg7 24. Bh3 Rcb8 25. Rd1 Qf8 26. Qe2 Bf6 27. Nb5 Bc6 {½-½ (70) Ftacnik,L (2579)-Reinderman,D (2561) Netherlands 2000}) 22. Nd4 Bd7 23. f4 Bg7 24. a3 (24. Rf1 $16) 24... e5 $11 25. Nb5 Bxb5 26. cxb5 a4 27. b4 Nb3 28. Rxc8 Rxc8 29. Qf2 (29. Qd5 $11 {keeps the balance.}) 29... Rc3 $17 30. Rd1 (30. f5 $17 {was necessary.}) 30... Nd4 $19 31. Bxd4 exd4 32. Qa2 Qe7 33. b6 d3 34. Qd5 Rxa3 {Threatens to win with ...Qf6.} 35. Rxd3 (35. Bf1 {might work better.}) 35... Rxd3 36. Qxd3 Qd8 (36... Qf6 $19 37. Bf1 Qb2) 37. Qe3 (37. Bf1 $17) 37... Bb2 38. Bf1 d5 {Hoping for ...a3.} 39. Qd2 a3 40. exd5 $2 {[%mdl 8192] [#] Loses the game.} (40. Kg2 $17) 40... Qa8 {Black is clearly winning.} 41. Bc4 a2 42. Bxa2 Qxa2 43. d6 Qb1+ {Accuracy: White = 48%, Black = 65%.} 0-1